000 00454nam a2200181Ia 4500
005 20240927013557.0
008 240331s9999 xx 000 0 und d
020 _a0631194428
082 _bEAG
_a801.95
100 _aEagletoon, M
245 0 _aWorking with Feminist criticism
260 _aOxford
_bBlackwell Publishers Ltd
_c1996
300 _avii, 240 p .,
650 _aFeminist
650 _aPolitical
650 _aCultural Studies
942 _cL
999 _c3131
_d3131